000 00936nam a22001817a 4500
005 20230912104342.0
010 _aHIN-125891
020 _a9788119078004
_c250.00
035 _aHN-98237
082 _a821.08
100 _aब्यास, राधास्वामी सत्संग
_956275
245 _aजलाल अल-दीन रूमी :
_cराधास्वामी सत्संग ब्यास
_bदीवान-ए शम्स-ए तब्रीज़ी
260 _bडी. के. सीकरी, सेक्रेटरी
_c2023
_aपंजाब
270 _aराधास्वामी सत्संग ब्यास डेरा बाबा जैमल सिंह
_bपंजाब
_e143204
300 _a432 पृ.
_c22 सेमी.(अजिल्द)
700 _aआग्रवाल,दीपक
_955805
942 _2ddc
_cHN
_h821.08
_mब्यास
999 _c197996
_d197996